000
00292nam a22001337a 4500
008
260218b ||||| |||| 00| 0 eng d
020
_a
9951050158
041
_a
eng
080
_a
821.18
100
_a
20.1
101
_a
roman
245
_a
Udhëtimi i Fundit
_c
Adem Gashi
942
_2
lcc
_c
BK
999
_c
60803
_d
60803